000
00360nam a2200133Ia 4500
008
151001s9999||||xx |||||||||||||| ||und||
100
_a
प्र द मराठे
245
_a
अंधारपुत्र
250
_a
1
260
_b
निशांत प्रकाशन कर्नाटक
260
_c
1976
300
_a
153
365
_b
18
999
_c
958912
_d
958909